000 02335nam a2200433 c 4500
003 BLK
005 20241029125029.0
008 180409b bul|||||r ||||||| ||bul||
010 _aKNG00140568000
020 _a978-954-28-1124-4
_bиздат.: Сиела Норма
040 _aBLK
041 _aBUL
_cBUL
072 7 _2bullib
_aН82
_xЛитературознание Н
080 _aЛитературна дейност. Редактиране. Култура на речта. Стилистика. Литературна техника
_b808
_x
_z808
080 _aВъображение. Фантазия. Форми и граници на въображението. Творчество
_b159.954
_x
_z159.954
100 1 _aНовакович, Йосип
_eпърви автор
_9103692
700 1 _aДелирадев, Борис
_eпрев. от англ.
_9372353
700 _aПеткова, Петя Кръстева
_d1979 -
_gИндолог. Преводач от немски, от/на английски ези
_9336231
139 _aНовакович, Йосип
_bН 85
245 1 0 _aКурс по творческо писане
_bСтъпка по стъпка
_cЙосип Новакович; прев. от англ. Борис Делирадев; прев. от англ. Петя Петкова.
257 _aUSA
260 София
_bСиела Норма
_c2012
300 _a300 с.
_c21 см
380 _a82
500 _aОриг. загл. Writing fiction step by step / Josip Novakovich. - Азб. показалец ; Показалец на загл., посочени в ориг. - За автора.
650 4 _aПсихология на литературното творчество
_9272966
650 4 _aЛитературен език и стил
_9275777
653 _aпсихология на литературното творчество
653 _aлитературен език
653 _aлитературна техника
653 _aлитературна стилистика
659 _aН
852 _aЦб 258698
856 4 _qpdf
_u
856 4 _qpdf
_u
942 _cKNG
_n0
_01
944 _aCR
_c12.03.2013
_lГеновева Генчева
_k30560
944 _aED
_c12.10.2017
_lф /
_kВиолета_Тройчева
999 _c134653
_d134653